000 00468nam a2200157 4500
008 010430s1965 ph a 0 engCO
090 _aDS667.28
_bD37r
100 1 _adela Costa, H.
245 1 0 _aReadings in Philippine history /
_cH. dela Costa
260 _aCaloocan City :
_bBookmark,
_cc1965.
300 _a351 p. :
_bills.
504 _aIncludes bibliographical references.
651 4 _aPhilippines
_xHistory
_xStudy and teaching
942 _2ddc
999 _c1101
_d1101